000 00501nam a22001337a 4500
005 20241211090408.0
008 240923b ||||| |||| 00| 0 eng d
100 _aLabo, Maria Victoria I.
_eauthor.
_961379
245 _aMga interbensyon sa national achievement test /
_cMaria Victoria I. Labo.
260 _aPhilippines;
_bPublishers Association of the Philippines, Inc.,
_cMarch 2018.
300 _aVolume 66, pages 391-393.
700 _aLabo, Maria Victoria I.
_eauthor.
_961379
942 _2ddc
_cPER
999 _c21761
_d21761